50 years the golden ascent

Bibliographic Details
Corporate Author: Malaysia
Format: Book
Language:English
Published: Kuala Lumpur Director-General 2008
Subjects:
LEADER 00746cam a2200229 a 4500
001 0000128764
005 20110913090000.0
040 |a mod 
041 |a eng 
020 |a 9789835405303 
090 0 0 |a 959.5  |b YEA  |e 2008 
245 0 0 |a 50 years the golden ascent 
260 |a Kuala Lumpur  |b Director-General  |c 2008 
300 |a xix,276ms.  |b ill.some col  |c 31 cm 
500 |a Includes bibliographical references 
650 0 0 |a Malaysia  |x Politics andd goverment 
650 0 0 |a Malaysia  |x Economic conditions 
650 0 0 |a Malaysia  |x History  |x Autonomy and independence movements 
650 0 0 |a Malaysia  |x History 
650 0 0 |a Malaysia  |x Social conditions 
710 0 |a Malaysia  |x Jabatan Penerangan 
999 |a 0000011102  |b MTAT  |d BOOKS  |e Umum  |f MTAT  |j AVAILABLE  |q GOOD CONDITION